B99 Quiz - Statistics

General Stats
  • This quiz has been taken 73 times
  • The average score is 8 of 15
Answer Stats
Hint Answer % Correct
How many seasons is there 8
86%
Gina's last name Linetti
84%
Rosa's last name Diaz
83%
What is the name of Boyle's son Nikolaj
83%
Who was Jake's nemesis who turned into one of his bestfriends Doug judy
72%
What did Jake and Amy name their son (shortened) Mac
71%
Name of the first episode Pilot
71%
Who won the jimmy jab games (1st ones) Amy
66%
Namd of holt's nemesis Madeline Wuntch
40%
Fill in the blank of the episode title "__ Hours" 48
38%
What were Jake and holts undercover names Greg and Larry
31%
Name of Boyle's girlfriend Genevieve
29%
What was the name of boyle's dog who died Jason
28%
What did Boyle wish he had done more when him and gina's sexual relationship came to an end Moaned
17%
Where was Jake and holt staying to hide from figgis Coral Palms, Florida.
3%
No matching quizzes found
Score Distribution
Percent of People with Each Score
Percentile by Number Answered
Your Score History
You have not taken this quiz